000 00886nam a2200253 i 4500
001 bg
100 1 _aPIASECKI, Kazimierz
245 1 0 _aUstawa Prawo upadłościowe i naprawcze :
_bkomentarz /
_cKazimierz Piasecki.
250 _aStan prawny na dzień 1 lipca 2004 r.
260 _aWarszawa :
_b"ABC",
_ccop. 2004.
300 _a554, [2] s. ;
_c21 cm.
500 _aUwzględnia nowelizacje przepisów ustawy.
650 9 _aPostępowanie naprawcze
_zPolska
_ystan na 2004 r.
650 9 _aUpadłość
_xprawo
_zPolska
_ystan na 2004 r.
015 _aPB 17160/2004
020 _a8374161868
040 _cBPK
041 0 _apol
080 _a347.736/.739(438)(094.5.07)
920 _a83-7416-186-8
942 _cKS
008 s pl f |000 0 pol
999 _c46140
_d46140
856 _uhttp://koha.tu.koszalin.pl/cgi-bin/koha/opac-detail.pl?biblionumber=46140
_yKatalog online BPK